000 00808nam a2200181Ia 4500
008 090630s9999 xx 000 0 und d
082 _b26478
100 _aपवार दत्ताजी बाबुराव.
245 _aभाजीपाला किड आणि नियंत्रण.
_cपवार दत्ताजी बाबुराव.
260 _bसाकेत - औरंगाबाद.
_c1993
300 _a141
600 _aपवार दत्ताजी बाबुराव.
630 _aभाजीपाला किड आणि नियंत्रण.
655 _aइतर.
700 _aपवार दत्ताजी बाबुराव.
730 _aभाजीपाला किड आणि नियंत्रण.
942 _cBOOK
999 _c278334
_d278334